000 00428nam a2200181Ia 4500
008 230524s9999 xx 000 0 und d
020 _a818743345X
082 _a620.112
_bRAM
100 _aS.Ramamrutham
245 0 _aStrength of Materials
250 _a9
260 _aNew Delhi
_bDhanpat Rai
_c2012
300 _a1279p;
500 _aQuantity Number: 50
650 _aMechanics
700 _aR.Narayanan
942 _cBK
999 _c52159
_d52159